[Básne]

Bibliographic Details
Main Author: Šuplata, Václav, 1956- (Author)
Format: Article
Language:Slovak
Subjects:

MARC

LEADER 00000nab a2200000 a 4500
001 vtls000798445
003 SK-MaSNL
005 20260304104423.0
008 250429c2002 xo 0 slo
015 |a SNBRB2002/06-20533 
035 |a CLN000150100 
035 |a urn:nbn:sk:snk-aber9q 
035 |a (urnnbn)urn:nbn:sk:snk:ar-000fy3 
035 |a (uuid)ece6976c-6e1e-4ab2-b9b7-15dbfffd6238 
040 |a SNKBUCL  |b slo  |c SNKBUCL  |e AACR2 
041 0 |a slo 
044 |a xo  |c SK 
080 |a 885.4-1  |2 1997 
100 1 |a Šuplata, Václav,  |d 1956-  |4 aut  |9 88556 
245 1 0 |a [Básne]  |c Václav Šúplata [t.j. Šuplata] 
505 1 |a Krásna neznáma -- Dávno -- Pochopenie -- Nočná dúha -- Prečo práve ja? -- Otázky 
650 0 7 |a lyrické básne, slovenské  |2 snkbucl  |9 28980 
655 7 |a články z novín a časopisov  |2 snkbucl  |9 267496 
655 7 |a články z odboru literárna veda a krásna literatúra  |2 snkbucl  |9 770045 
773 0 |t Slovenské pohľady  |g Roč. 4+118, č. 6 (2002), s. 72-73 
850 |a Slovenská národná knižnica 
852 |a Slovenská národná knižnica 
958 |a article27 
958 |a LX 
958 |a SK 
958 |a OND 
958 |a EUIPO 
992 |a RBX 
999 |c 2851663  |d 2853593